| 000 | 00593nam a2200241Ia 4500 | ||
|---|---|---|---|
| 003 | OSt | ||
| 005 | 20220924145558.0 | ||
| 006 | a|||||r|||| 00| 0 | ||
| 007 | ta | ||
| 008 | 220923b |||||||| |||| 00| 0 per d | ||
| 024 | _a329379 | ||
| 037 | _cTextual | ||
| 040 |
_aARTS _cARTS _bper |
||
| 041 |
_2per _aper |
||
| 082 | _aQ:3, 164H0 | ||
| 100 |
_aAlvi Nasir Khusro Au. _9220078 |
||
| 245 | 0 | _aKhawanul khawan | |
| 260 | _c1940 | ||
| 650 | _a THEOLOGY | ||
| 650 | _aRELIGION | ||
| 942 |
_hQ:3, 164H0 _cTEXL _2CC |
||
| 999 |
_c460515 _d460515 |
||